Throne of Glass Ultimate Character Quiz - Statistics

General Stats
  • This quiz has been taken 1,496 times
    1,424 since last reset
  • The average score is 72 of 241
Answer Stats
Hint Answer % Correct
The Fall-Back sentry in the Thirteen (Deceased) Linnea Blackbeak
99%
Main Character Aelin Ashryver Whitethorn Galathynius
98%
Previous Ruler of Adarlan (Deceased) Dorian Havilliard the first
92%
New King of Adarlan Dorian Havilliard the second
92%
Consort and mate of the Main Character Rowan Whitethorn Galathynius
91%
Cousin of Main Character Aedion Ashryver
89%
A Valg Queen, Queen of the Fae (Deceased) Maeve
86%
The New King of Adarlan's King Hand Chaol Westfall
83%
Main Character's Dog Fleetfoot
83%
First Queen of Adarlan (Deceased) Elena Galathynius Havilliard
82%
Queen of Crochans, 1st-in-command in the Thirteen Manon Blackbeak
82%
Princess of Eyllwe (Deceased) Nehemia Ytger
82%
Lord of Allsbrook Lord Ren Allsbrook
81%
Lady of Perranth Lady Elide Lochan
78%
Lord of Perranth Lord Lorcan Lochan
76%
Father of him ^ (Deceased) Gavriel
75%
Lady of Caravere Lady Lysandra Ashryver
74%
Main Character's First Lover (Deceased) Sam Cortland
74%
King of Assassins (Deceased) Arobynn Hamel
73%
The Youngest Valg King (Deceased) Erawan
71%
Second-in-command in the Thirteen (Deceased) Asterin Blackbeak
70%
First King of Adarlan (Deceased) Gavin Havilliard
69%
The youngest of the Fae sister queens (Deceased) Mab
69%
Sun and Fire Goddess Mala
68%
The Younger Havilliard Brother Hollin Havilliard
66%
First King of Terrasen (Deceased) Brannon Galathynius
65%
Mother of Main Character (Deceased) Evalin Ashryver
65%
Wyven of ^ Abraxos
64%
Father of Main Character (Deceased) Rhoe Galathynius
64%
Queen of the Flatlands, An Ex-Silent Assassin Ansel of Briarcliff
63%
The Pirate Lord Captain Rolfe
63%
The White Wolf of Dorendale Fenrys Moonbeam
63%
Spy for the Lords of Terrassen, A Young thief from Perranth Nox Owen
60%
Neith's Arrow Nesryn Faliq
59%
Wife of ^ Georgina Havilliard
56%
The most cunning of the Fae sister queens (Deceased) Mora
56%
Third-in-command in the Thirteen (Deceased) Sorrel Blackbeak
56%
Lady who possesses Shadowfire Lady Kaltain Rompier
55%
Gifted Healer from Fenharrow Yrene Westfall
55%
Courtesan who set up the murder of the Princess of Eyllwe Archer Finn
54%
King's Soldier who originates the White Fang Mountains (Deceased) Cain
54%
King of Assassins Heir and King's Champion Celaena Sardothien
54%
Cousin of the Main Character from Wendlyn Galan Ashryver
54%
Great-Uncle of Main Character (Deceased) Orlon Galathynius
54%
Mother of the Lady of Perranth (Deceased) Marion Lochan
53%
The Winged Prince, The Heir of the Southern Continent Sartaq
53%
Lover of the New King of Adarlan, Spy of the Terrasen Rebels, Healer Sorscha
52%
Heir of him ^ Evangeline
51%
Son of ^ Ilias
51%
Cousin of the King of Adarlan (Deceased) Roland Havilliard
51%
Bodyguard of the king of assassins Wesley
51%
Goddess of the Hunt and Maidens Deanna
50%
Heir of the Blueblood Clan Petrah Blueblood
50%
The Queen of Valg's Sadist (Deceased) Cairn
47%
God of bloody deaths Hellas
47%
Matron of the Yellowlegs Clan (Deceased) Baba Yellowlegs
46%
Brother of him ^ (Deceased) Connall Moonbeam
46%
The talking bronze door-handle Mort
46%
Goddess of Healing and Healers Silba
46%
Uncle of the Lady of Perranth (Deceased) Vernon Lochan
46%
The Previous Ruler of Adarlan's most trusted advisor Duke Perrington
45%
Fourth-in-command in the Thirteen (Deceased) Vesta Blackbeak
45%
Twin #2 in the Thirteen (Deceased) Fallon Blackbeak
43%
Heir of the Yellowlegs Clan (Deceased) Iskra Yellowlegs
43%
The Sadist who killed the Princess of Eyllwe (Deceased) Grave
42%
Consort of the Great-Uncle of the Main Character Lord Weylen Darrow
42%
The Lady of Wise Things Anneith
40%
Fae male who's second form is a osprey Vaughan
40%
Smartest Witch in the Thirteen (Deceased) Ghislaine Blackbeak
39%
Young, Reckless Demi-Fae who works at the kitchen at Mistward Luca
39%
Experiment of Maeve's (Deceased) Lyria
39%
Grandmother of the Queen of Crochans (Deceased) Rhiannon Crochan
39%
A Shadow in the Thirteen (Deceased) Briar Blackbeak
38%
Twin #1 in the Thirteen (Deceased) Faline Blackbeak
38%
Her Wyven ^ Keelie
38%
Brother of him ^ Terrin Westfall
38%
Pocessed by the Valg Princess Duva
37%
Horse that name means Butterfly Farasha
37%
Oldest Daughter of the Khaghan Hasar
37%
Granddaughter and heir of her ^ Borte
36%
Not effected by the Valg, in the Thirteen (Deceased) Imogen Blackbeak
36%
Grandfather of the Lord of Allsbrook (Deceased) Murtaugh Allsbrook
36%
King of Assassins' Second-in-command (Deceased) Ben
35%
Older Eyllwe Man who was a slave in Skull's Bay Dia
35%
A Shadow in the Thirteen (Deceased) Edda Blackbeak
35%
Old Demi-Fae who works at the kitchen at Mistward Emrys
35%
Younger Guard who works at the Glass Castle Ress
35%
Weapons Master in the Glass Castle Theodus Brullo
35%
Commands the armies of the Southern Continent Kashin
34%
Leader of the Silent Assassins Mute Master
34%
Beautiful Singer Rena Goldsmith
34%
Madam of the courtesans Clarisse DuVency
33%
The Jewel Thief from Bellhaven Lady Lillian Gordaina
33%
The Oldest Valg King Orcus
33%
Effected by the Valg, in the Thirteen (Deceased) Thea Blackbeak
33%
Father of the Lady of Perranth (Deceased) Cal Lochan
32%
The Middle Valg King Mantyx
31%
Healer on High at the Torre Cesme Hafiza
29%
Effected by the Valg, in the Thirteen (Deceased) Kaya Blackbeak
29%
The Crime Lord Rourke Farran
29%
Best Wyven (Deceased) Titus
29%
Ruk of him ^ Kadara
28%
The Lover of the Valg Queen (Deceased) Athril
27%
A shapeshifter, uncle to the Lady of Canavere Falkan Ennar
27%
Youngest Whitethorn Cousin Princess Sellene Whitethorn
27%
Nurse of the Lady of Perranth Finnula
26%
Main Character's Stolen Asterion Mare Kasida
26%
Old Demi-Fae who works as a sentry Malakai
26%
King of Assassin's Lackey Tern
26%
Main Character's Personal Servant in the Glass Castle Philippa Spindlehead
25%
Senior Healer at the Adarlan Palace (Deceased) Amithy
24%
Cousin of the mate of the Main Character Endymion Whitethorn
23%
Grandmother of the Queen of Crochans, Matron of Blackbeak Clan (Deceased) Mother Blackbeak
23%
Mother of ^ (Deceased) Mrs Cortland
23%
An Assassin in the Assassin's guild Mullin
23%
A mercenary who made it into the duels Renault
23%
Lord of suria Sol
23%
Oldest son of the Khaghan, Prince of the spies Arghun
22%
Matron of the Blueblood Clan Cresseida Blueblood
22%
Lover of her ^ (Deceased) The Hunter
22%
A Quiet Assassin in the Assassin's Guild Harding
21%
Owner of the White Pig Inn Nolan
21%
Lover of her ^ Renia
21%
Youngest Daughter of the Khaghan (Deceased) Tumelun
21%
The Original Crime Lord Ioan Jayne
20%
Goddess of Wild Things Temis
20%
Ruk Rider, engaged to her ^ Yeran
20%
Half-Sister of the Queen of Crochans Bronwen Crochan
19%
Bodyguard of him ^ Phillip
19%
Barmaid at the White Pig Inn Jessa
18%
Her mother ^ (Deceased) Josefin Towers
18%
Lover of ^, (Deceased) Mikhail
18%
Brother of the lord of suria Ravi
18%
The Eye Eater (Deceased) Bill Chastain
17%
Great-Grandmother of the Queen of Crochans Glennis Crochan
17%
Assassin who was skilled in poisons Pelor
17%
Father of the Queen of Crochans (Deceased) Tristan Crochan
17%
The Khaghan of the Southern Continent Urus
17%
Mate of the Queen of Crochan's Wyven Narene
16%
Valg soilder who brought an armada to Skull's Bay (Deceased) General Narrok
15%
Lover of the Pirate Lord Jacqueline
15%
Lord of the Gods Lumas
15%
Main Character's Dance Teacher Madame Florine
15%
Main Character's Great-Uncle's Captain of the Guard (Deceased) Quinn
15%
Eldest Sibling of the Lord of Allsbrook (Deceased) Rose Allsbrook
15%
Hearth Mother Houlun
14%
High King of the Wastes Lord Loch
14%
Leader of the travelling troup Molly
14%
Former lover of the mate of the Main Character Remelle
14%
Ruk of her ^ Salkhi
14%
Sea Goddess Tehome
14%
Brother of ^ (Deceased) Glaston Ashryver
13%
Part of the King of Assassin's trusted 7 assassins Gregori
13%
Queen of the Flatlands' Stolen Asterion Mare Hisli
13%
Servent for the Kng's Hand when in Antica Kadja
13%
Goddess of Dreams Lani
13%
Lord of Xandria Lord Berick
13%
Friend of the Queen of the Flatlands (Killed by Witches) Maddy
13%
The King's soldier who attempted to escape (Deceased) Sven
13%
God of War Farnor
12%
Other Ruling Lord of Terrassen Lord Ironwood
12%
Mother of the Queen of Crochans (Deceased) Lothian Blackbeak
12%
One of the Towers Women (Deceased) Yafa Towers
12%
The Sentry who let in the Valg to Mistward (Deceased) Bas
11%
One Eyed, Hulking pirate Captain Blackgold
11%
Short and Bald Pirate Captain Fairview
11%
Sister of Neith's Arrow Delara Faliq
11%
Niece of him ^ Diana Brackyn
11%
Instructor at the Torre Cesme Eretia
11%
One of the commanders in the Bane Kyllian
11%
Other Ruling Lord of Terrassen Lord Sloane
11%
Was responsible for the death of the Princess of Eyllwe Minister Mullison
11%
Brother of him ^ (Deceased) Orda
11%
Conductor at the Royal Theatre (Deceased) Pytor
11%
Broke the King of Adarlan's heart Rosamund
11%
Goddess of Death Vanth
11%
The Loud-Mouthed Thief (Deceased) Verin Ysslych
11%
Master Thief of Mellisande (Deceased) Xavier Forul
11%
Aunt of Neith's Arrow Zahida Faliq
11%
Part of the Heir to the Yellowlegs Clan's coven (Deceased) Zelta Yellowlegs
11%
A kharankui spider, shapeshifter (Deceased) Cyrene
10%
Had his office broken into at the masked ball (Deceased) Davis
10%
Broke the King's Hand's heart Lithaen
10%
Part of the travelling troup Ombriel
10%
Makes of the best pear tarts Sayed Faliq
10%
Rebel Leader Sen
10%
Guard of Khaghan Shen
10%
Mercenary who tried to steal from him ^ Ven
10%
Lady admired by the Wife of the Previous Ruler of Adarlan Elise
9%
Former Lover of the Lord of Perranth Essar
9%
Her Wyven ^ (Deceased) Fendir
9%
Neighbours of them ^ Jon and Estrel
9%
Former 'Queen' of Melisande Leighfer Bardingale
9%
Other Ruling Lord of Terrassen Lord Gunnar
9%
The Scythe (Deceased) Ned Clement
9%
Head Librarian at the Torre Cesme Nousha
9%
Fae Male whose second form is a pig Sten
9%
Cousin of the Queen of Crochans Una Crochan
9%
Powerful Buisnessman from Melisande (Deceased) Benzo Doneval
8%
Uncle of Neith's Arrow Brahim Faliq
8%
Wife of her ^ (Deceased) Cybele Faliq
8%
Sister of the Former Lover of the Lord of Perranth Dresenda
8%
Daughter of the beautiful singer Kaleen Goldsmith
8%
Sponsored The Young thief from Perranth Minister Joval
8%
Part of the travelling troup Nik
8%
Yellowlegs Witch, Experiment of Erawan (Deceased) Ninya Yellowlegs
8%
One of the Towers Women (Deceased) Olgnia Towers
8%
Sister of the beautiful singer Liessa Goldsmith
7%
The King Champion Assassination Assignment Lord Nirall
7%
One of the Towers Women (Deceased) Marte Towers
7%
Head Cook in the glass castle Meghra
7%
A laundress at morath Misty
7%
Inquisitive guest at one of the balls at the Glass Castle Otho
7%
One of the Towers Women (Deceased) Rosana Towers
7%
Friend of her ^ Benson
6%
One of the King of Assassin's investors, inhabited by a Valg Prince Cormac
6%
Older Guard who works at the Glass Castle Dannan
6%
Mother of her ^ Dochin
6%
Held the Main Character while she was whipped, bow to the valg queen Heiron
6%
One of his men ^ (Deceased) Hen
6%
Healer/Midwife Marta
6%
Middle Sibling of the Lord of Allsbrook (Deceased) Rallen Allsbrook
6%
One of the Royal Librarians Sensel
6%
Captured Valg commander from Melisande (Deceased) Stevan
6%
Ancestor of the Half-sister of the Queen of Crochans (Deceased) Telyn Vanora
6%
Held the Main Character while she was whipped, bow to the valg queen Varik
6%
Sponsered Renault Councilman Garnel
5%
One of the members of the Bane Elgan
5%
One of Her Students ^ Gillyan
5%
One of his men ^ Hashim
5%
Crochan, described as 'a black-haired witch' Kasryn Crochan
5%
Hired Handsome Cab Driver Kellan Oppel
5%
Father of the Mate of her ^ Lord Kerrigan
5%
His Kindness made him evade death Sir Carlin
5%
Commander of the 24th legion in Noll (Deceased) Commander Jensen
4%
Developed a magical brace Linqin
4%
Sponsered the Sadist who killed the Princess of Eyllwe Lord Urizen
4%
Little girl who made water butterflies Phedre
4%
Left in command of the army to fight the Valg in the second war Holdren
3%
Ancient Healer Saanvi
3%
Talked to the Lady of Perranth in a tavern Vross
3%
No matching quizzes found
Score Distribution
Percent of People with Each Score
Percentile by Number Answered
Your Score History
You have not taken this quiz since the last reset